000 00298nam a2200109Ia 4500
008 200302s9999 xx 000 0 und d
100 _aMary Ellisor Emmerling
245 _aAmerican Country A Style and Source Book
260 _bClarkson N. Potter Inc. Puglishers
260 _c1980
300 _a292 P.,
999 _c2365
_d2365